| 000 | 00867nac a22001691u 4500 | ||
|---|---|---|---|
| 008 | 080921s1970 xxu||||| |||| 00| 0 ara d | ||
| 082 |
_a301.20962 _bع و ي |
||
| 100 | 1 |
_aعويس ، سيد _9514 |
|
| 245 |
_aحديث عن الثقافة : _bبعض الحقائق الثقافية المصرية المعاصرة / _cتأليف سيد عويس |
||
| 260 |
_aالقاهرة : _bمكتبة الأنجلو المصرية ،1970 _c1970. |
||
| 300 |
_a308 ص ؛ _c24 سم. |
||
| 504 | _aيشتمل على إرجاعات ببليوجرافية ص 304-307 | ||
| 511 | _aCatalogued by: Sara | ||
| 650 |
_aالثقافة العربية _921553 _zمصر |
||
| 942 |
_cBB _k301.20962 ع و ي _2ddc |
||
| 999 |
_c7511 _d7511 |
||